1/100th of Base Currency Quiz Stats

 Plays Quiz not verified by Sporcle

Challenge
Share
Tweet
Embed
Score 0/25 Timer 08:00
0 Plays Today
Country and Currency 1/100th % Correct
US DollarCent
87%
EuroCent
87%
UK PoundPence
87%
South African RandCent
87%
Mexican PesoCentavo
39.1%
Brazilian RealCentavo
39.1%
Swiss FrancCentime
37%
CFA FrancCentime
37%
Russian RubleKopek
32.6%
Japanese YenSen
23.9%
Indian RupeePaisa
23.9%
Swedish KronaOre
19.6%
Chinese YuanFen
17.4%
Country and Currency 1/100th % Correct
Turkish LiraKurus
17.4%
Croatian KunaLipa
15.2%
Polish ZlotyGroszy
15.2%
Icelandic KronaEyrir
15.2%
Iranian RialDinar
13%
Saudi Arabian RiyalHalala
13%
South Korean WonJeon
13%
Egyptian PoundQirush
13%
Venezuelan BolivarCentimo
10.9%
Thai BhatSatang
10.9%
Moroccan DirhamSantim
6.5%
Kyrgyzstani SomTyiyn
4.3%

You're not logged in!

Compare scores with friends on all Sporcle quizzes.
Join for Free
OR
Log In

You Might Also Like...

Show Comments

Extras

Top Quizzes Today


Score Distribution

Your Account Isn't Verified!

In order to create a playlist on Sporcle, you need to verify the email address you used during registration. Go to your Sporcle Settings to finish the process.

Report this User

Report this user for behavior that violates our Community Guidelines.

Details: